000 00260nam a2200097Ia 4500
001 695443
005 20250826161953.0
008 250824s9999 xx 000 0 und d
245 0 _aYÜZBAŞININ KIZI (ANTİK YENİ)
_cPUŞKİN
260 _bANTİK DÜNYA KLASİKLERİ
999 _c695443
_d695443